zpět

Detail výsledku týmu

Separé - Nové Město, Praha

Datum a čas kvízu

32 Celkem bodů Celkový počet nahraných bodů na tomto kvízu bez doplňovacích otázek.
2. Pořadí na kvízu Konečné umístění týmu na tomto kvízu.

Zaznamenané odpovědi

# Otázka Odpověď Body Výsledky
1. U jednoho nově otevřeného obch... pro ženy 1
2. Britský královský pár minulou... Řím 0
3. Po více než třiceti letech se... Karavan 0
4. Americká genetická společnost... Hra o trůny, pravlk 1
5. Ve středu začalo hokejové mist... České Budějovice 1
6. Dovtípíte se, co bylo objeveno... Velikonoční ostrov 1
7. S Velikonocemi je spojena řada... o kříž 1
8. Velký pátek je v České republi... 2016 (2015–2017) 0
9. Jak se jmenuje pohanský svátek... D 0
10. Australané nejsou vzhledem k t... bandikut (králíkovitý) 0